000 00347nam a2200133Ia 4500
008 191201s2010 xx 000 0 und d
082 _a620.11
_bGUH
100 _aGUPTA, Nitish
245 0 _aHandbook of Properties of Engineering Material and Design
260 _aPanipat
_bSachin
_c2010
300 _a136
650 _aB.Tech(ME)
942 _2ddc
_cBK
999 _c3958
_d3958